| 000 | 00574cam a22002411 4500 | ||
|---|---|---|---|
| 001 | sa 63003798 | ||
| 003 | DLC | ||
| 005 | 20260227111944.0 | ||
| 008 | 950622s1959 pk 000 1 urdo | ||
| 010 | _asa 63003798 | ||
| 025 | _aPL480:P-U-38 | ||
| 035 | _a(OCoLC)32693316 | ||
| 040 |
_aDLC _cCU _dCU _dDLC |
||
| 042 | _apremarc | ||
| 050 | 0 | 0 |
_aPK2200.A7 _bR3 |
| 100 | 1 |
_aAslam, Muhammad, _d1885- |
|
| 245 | 1 | 0 | _aRang-i shabāb. |
| 260 | _c[1959?] | ||
| 300 |
_a720 p. _c18 cm. |
||
| 500 | _aIn Urdu. | ||
| 500 | _aA novel. | ||
| 500 | _aText partially vocalized. | ||
| 999 |
_c55301 _d55301 |
||